| 000 | 00889nas a2200289 4500 | ||
|---|---|---|---|
| 001 | BR2016004095 | ||
| 003 | BR-BrBNA | ||
| 005 | 20231205130626.0 | ||
| 007 | ta | ||
| 008 | 230509b bl.|||p| |||| 00| 00por d | ||
| 040 |
_aBR-BrBNA _bpor _cBiblioteca Nacional de Agricultura |
||
| 041 | _a(En) | ||
| 072 | _aQ04 | ||
| 100 | 1 | _aBarbosa, J.Z. | |
| 100 | 1 | _aZambon, L.M. | |
| 100 | 1 | _aMotta, A.C.V. | |
| 100 | 1 | _aWendling, I. | |
| 245 | 1 | _aComposition, hot-water solubility of elements and nutritional value of fruits and leaves of yerba mate | |
| 650 | _aPLANTA MEDICINAL | ||
| 650 | _aMATE | ||
| 650 | _aCOMPOSIÇÃO QUÍMICA | ||
| 650 | _aMETAL PESADO | ||
| 650 | _aVALOR NUTRITIVO | ||
| 773 | 0 |
_tCiência e Agrotecnologia (Brazil) _xISSN 1413-7054 _g(Nov-Dec 2015), v. 39(6) p. 593-603 _wBR2016004095 |
|
| 909 |
_a202311 _bLúcia _c55 _dLúcia Elande |
||
| 942 |
_2AGRIS _n0 _cANA |
||
| 999 |
_c250413 _d250413 |
||